[Event "Styrian op U08/12 26th"]
[Site "Mureck"]
[Date "2019.08.06"]
[Round "7"]
[White "Fabian, Julia"]
[Black "Windisch, Timo Martin"]
[Result "0-1"]
[WhiteElo "1136"]
[BlackElo "879"]
[PlyCount "84"]
[EventDate "2019.07.31"]
[EventType "swiss"]
[EventRounds "9"]
[EventCountry "AUT"]
[SourceTitle "EXT 2020"]
[Source "ChessBase"]
[SourceDate "2019.10.17"]
[SourceVersion "1"]
[SourceVersionDate "2019.10.17"]
[SourceQuality "1"]

1. e4 e5 2. Nf3 Nc6 3. Bc4 Bc5 4. c3 Nf6 5. d4 exd4 6. cxd4 Bb4+ 7. Bd2 Nxe4 8. Qe2 Qe7 9. Bxb4 Nxb4 10. Nbd2 Nxd2 11. Qxe7+ Kxe7 12. Nxd2 Nc2+ 13. Ke2 Nxa1 14. Rxa1 Re8 15. Kf1 Kf8 16. Nf3 d6 17. Ng5 Be6 18. Bxe6 fxe6 19. Nxh7+ Kg8 20. Ng5 g6 21. Re1 e5 22. Ne4 Kg7 23. dxe5 Rxe5 24. f4 Rf8 25. g3 g5 26. Nxg5 Rxg5 27. Re7+ Kg6 28. Rxc7 Rb5 29. b3 Rd8 30. Ke2 Kf5 31. Ke3 d5 32. Rf7+ Ke6 33. Rh7 Kd6 34. Kd4 Rb4+ 35. Kc3 Re4 36. h4 Re3+ 37. Kd4 Rxg3 38. f5 Rg4+ 39. Ke3 Ke5 40. Rh5 d4+ 41. Kd3 Rg3+ 42. Ke2 d3+ 0-1

[Event "Styrian op U08/12 26th"]
[Site "Mureck"]
[Date "2019.08.04"]
[Round "5"]
[White "Braun, Linus"]
[Black "Windisch, Timo Martin"]
[Result "0-1"]
[WhiteElo "830"]
[BlackElo "879"]
[PlyCount "40"]
[EventDate "2019.07.31"]
[EventType "swiss"]
[EventRounds "9"]
[EventCountry "AUT"]
[SourceTitle "EXT 2020"]
[Source "ChessBase"]
[SourceDate "2019.10.17"]
[SourceVersion "1"]
[SourceVersionDate "2019.10.17"]
[SourceQuality "1"]

1. e4 e5 2. Nf3 Nc6 3. Bc4 Nf6 4. Nc3 Bb4 5. d3 0-0 6. Bg5 h6 7. Bh4 d6 8. a3 Bxc3+ 9. bxc3 Qe7 10. Qe2 Be6 11. d4 exd4 12. cxd4 Bxc4 13. Qxc4 Qxe4+ 14. Qe2 Rae8 15. Ng1 Nxd4 16. Qxe4 Rxe4+ 17. Kf1 Rxh4 18. Rd1 Nxc2 19. Nf3 Ra4 20. Rd2 Nxa3 0-1

[Event "Styrian op U08/12 25th"]
[Site "Mureck"]
[Date "2018.08.08"]
[Round "8"]
[White "Windisch, Timo Martin"]
[Black "Curic, Enej"]
[Result "0-1"]
[WhiteElo "943"]
[BlackElo "1091"]
[PlyCount "48"]
[EventDate "2018.08.01"]
[EventType "swiss"]
[EventRounds "9"]
[EventCountry "AUT"]
[SourceTitle "CBM 186 Extra"]
[Source "ChessBase"]
[SourceDate "2018.08.24"]
[SourceVersion "1"]
[SourceVersionDate "2018.08.24"]
[SourceQuality "1"]

1. e4 c5 2. Nc3 d6 3. Nf3 Nf6 4. Bc4 Nc6 5. d4 cxd4 6. Nxd4 Nxd4 7. Qxd4 Bg4 8. Bg5 h6 9. Bxf6 exf6 10. e5 Bh5 11. exf6 Qxf6 12. Qxf6 gxf6 13. Ne4 Be7 14. 0-0 0-0-0 15. f3 d5 16. Bb3 dxe4 17. fxe4 Rhg8 18. c4 Rd2 19. Rf2 Bc5 20. Raf1 Be2 21. Re1 Bxf2+ 22. Kxf2 Bh5+ 23. Kf1 Rgxg2 24. h3 Rdf2# 0-1

[Event "Styrian op U08/12 25th"]
[Site "Mureck"]
[Date "2018.08.06"]
[Round "6"]
[White "Windisch, Timo Martin"]
[Black "Sohn, Benedikt"]
[Result "0-1"]
[WhiteElo "943"]
[BlackElo "1415"]
[PlyCount "40"]
[EventDate "2018.08.01"]
[EventType "swiss"]
[EventRounds "9"]
[EventCountry "AUT"]
[SourceTitle "CBM 186 Extra"]
[Source "ChessBase"]
[SourceDate "2018.08.24"]
[SourceVersion "1"]
[SourceVersionDate "2018.08.24"]
[SourceQuality "1"]

1. e4 c6 2. Nc3 d5 3. d3 dxe4 4. dxe4 Qxd1+ 5. Nxd1 e5 6. Nf3 Bd6 7. c4 Nf6 8. Nc3 Bg4 9. Be2 Nbd7 10. Bg5 Bxf3 11. Bxf3 Bb4 12. Bxf6 Nxf6 13. a3 Ba5 14. 0-0 0-0-0 15. Rad1 Rdg8 16. h3 h5 17. g4 g5 18. gxh5 g4 19. Bxg4+ Nxg4 20. hxg4 Rxg4+ 0-1

[Event "Styrian op U08/12 25th"]
[Site "Mureck"]
[Date "2018.08.04"]
[Round "4"]
[White "Windisch, Timo Martin"]
[Black "Roessler, Felix"]
[Result "1-0"]
[WhiteElo "943"]
[BlackElo "1118"]
[PlyCount "33"]
[EventDate "2018.08.01"]
[EventType "swiss"]
[EventRounds "9"]
[EventCountry "AUT"]
[SourceTitle "CBM 186 Extra"]
[Source "ChessBase"]
[SourceDate "2018.08.24"]
[SourceVersion "1"]
[SourceVersionDate "2018.08.24"]
[SourceQuality "1"]

1. e4 c5 2. Nf3 Nc6 3. Bc4 h6 4. Nc3 b6 5. b3 Bb7 6. Bb2 e6 7. 0-0 d5 8. exd5 exd5 9. Bxd5 Nf6 10. Bc4 Bd6 11. d3 0-0 12. Nd5 Nxd5 13. Bxd5 Bxh2+ 14. Nxh2 Qxd5 15. c4 Qg5 16. Qg4 Qe7 17. Qxg7# 1-0